[Event "Titled Tue 1st Jul Late"]
[Site "chess.com INT"]
[Date "2025.07.01"]
[Round "9"]
[White "Terkiewicz, Bruno"]
[Black "Grutter, Tim"]
[Result "0-1"]
[WhiteTitle "CM"]
[BlackTitle "IM"]
[WhiteElo "2183"]
[BlackElo "2404"]
[WhiteFideId "21093245"]
[BlackFideId "1057472"]
[EventDate "2025.07.01"]

1. e4 c5 2. Nf3 Nc6 3. Bb5 e6 4. O-O Nge7 5. Re1 a6 6. Bf1 d5 7. exd5 Nxd5 8. c3
Be7 9. d4 O-O 10. Nbd2 cxd4 11. cxd4 b5 12. Ne4 Bb7 13. Bd2 Rc8 14. Rc1 Qb6 15.
Nc5 Rfd8 16. Nxb7 Qxb7 17. Qe2 Bf6 18. Be3 Nxe3 19. fxe3 e5 20. dxe5 Nxe5 21.
Nxe5 Bxe5 22. g3 Qe7 23. Rxc8 Rxc8 24. Bg2 Qb4 25. b3 Rc2 26. Qxc2 Qxe1+ 27. Bf1
Qxe3+ 28. Kg2 g6 29. a4 Bd4 30. Bd3 bxa4 31. bxa4 a5 32. Bc4 Kg7 33. Qe2 Qc3 34.
Qf1 Bf6 35. Bb5 h5 36. Qe2 h4 37. Bc4 hxg3 38. hxg3 Qd4 39. Qd3 Qb2+ 40. Qe2
Qb7+ 41. Qf3 Qc7 42. Qd5 Be5 43. g4 Qe7 44. Kf3 Qf6+ 45. Kg2 Qf4 46. Kg1 Qxg4+
47. Kf1 Qf4+ 48. Ke2 Bd4 49. Kd1 Bc3 50. Kc2 Bb4 51. Kd3 Qd2+ 52. Ke4 f5+ 53.
Ke5 Qe3+ 54. Qe4 Qxe4# 0-1

[Event "Titled Tue 1st Jul Late"]
[Site "chess.com INT"]
[Date "2025.07.01"]
[Round "9"]
[White "Kracht, Raphael"]
[Black "Hadzovic, Amir"]
[Result "0-1"]
[WhiteTitle "CM"]
[BlackTitle "FM"]
[WhiteElo "2195"]
[BlackElo "2354"]
[WhiteFideId "16214382"]
[BlackFideId "14402300"]
[EventDate "2025.07.01"]

1. e4 e5 2. Nf3 Nc6 3. Bb5 a6 4. Bxc6 dxc6 5. O-O f6 6. d4 exd4 7. Nxd4 Bd6 8.
Nc3 Ne7 9. f4 O-O 10. Be3 Ng6 11. Qf3 Qe7 12. Rad1 Bd7 13. Kh1 Rfe8 14. Bc1 Rad8
15. Nf5 Bxf5 16. exf5 Nf8 17. h3 Nd7 18. Rd3 Nc5 19. Re3 Qf7 20. Rfe1 Kf8 21. a3
Rxe3 22. Bxe3 Re8 23. Rd1 Qc4 24. Qf2 Ne4 25. Nxe4 Qxe4 26. Bc5 Rd8 27. Bxd6+
cxd6 28. Qb6 Rd7 29. Qa7 Kf7 30. Qb8 Qxc2 31. Re1 Re7 32. Rxe7+ Kxe7 33. Qxb7+
Kf8 34. Qc8+ Kf7 35. Qd7+ Kf8 36. Qxd6+ Kf7 37. Qe6+ Kf8 38. Qc8+ Ke7 39. Qb7+
Kd6 40. Qb4+ Kd5 41. Qa5+ Ke4 42. Qb4+ Kxf5 43. Kh2 Qc1 44. Qa5+ Kg6 45. f5+ Kg5
46. g4 Qxb2+ 47. Kg1 Qd4+ 48. Kh2 Qc4 49. Qd8 h5 50. gxh5 Qe2+ 51. Kg3 Qe3+ 52.
Kg2 Kh4 0-1

[Event "Titled Tue 1st Jul Late"]
[Site "chess.com INT"]
[Date "2025.07.01"]
[Round "9"]
[White "Schracke, Guido"]
[Black "Fomevor, Cephas Clinton"]
[Result "1-0"]
[WhiteTitle "CM"]
[BlackTitle "CM"]
[WhiteElo "2138"]
[BlackElo "1883"]
[WhiteFideId "4637054"]
[BlackFideId "12601330"]
[EventDate "2025.07.01"]

1. e4 c5 2. c3 Nf6 3. e5 Nd5 4. Nf3 Nc6 5. Bc4 Nb6 6. Bb3 d5 7. exd6 Qxd6 8. O-O
Bf5 9. Re1 e6 10. Na3 a6 11. d4 cxd4 12. cxd4 Be7 13. Be3 O-O 14. h3 Nd5 15. Nc4
Nxe3 16. Nxd6 Nxd1 17. Nxf5 exf5 18. Raxd1 Bf6 19. d5 Na5 20. Bc2 Bxb2 21. Bxf5
b5 22. d6 Rad8 23. d7 g6 24. Be4 Nc4 25. Re2 Bf6 26. Bb7 a5 27. Bc6 b4 28. Re4
Nb6 29. Bb5 Na8 30. Rd6 Kg7 31. g4 h6 32. h4 Nc7 33. Ba4 Ne6 34. Rc4 g5 35. h5
Nf4 36. Nd2 Ne6 37. Ne4 Bb2 38. Rcc6 Bc3 39. Nxc3 bxc3 40. Rxc3 Nf4 41. Rcc6
Ne2+ 42. Kf1 Nf4 43. Ra6 Ne6 44. Rxa5 Nf4 45. Raa6 Ne6 46. Bb3 Kf6 47. a4 Ke7
48. Bxe6 fxe6 49. Ke2 Rf4 50. Rxe6+ Kxd7 51. Rxh6 Re8+ 52. Kf1 Ree4 53. Ra7+ Kc8
54. Rh8+ 1-0

[Event "Titled Tue 1st Jul Late"]
[Site "chess.com INT"]
[Date "2025.07.01"]
[Round "9"]
[White "Uyanga, Byambaa"]
[Black "Cuevas Araya, Walter"]
[Result "0-1"]
[WhiteTitle "WFM"]
[BlackTitle "FM"]
[WhiteElo "2006"]
[BlackElo "2052"]
[WhiteFideId "2054906"]
[BlackFideId "3405028"]
[EventDate "2025.07.01"]

1. e4 e5 2. Nf3 f5 3. Nxe5 Qf6 4. d4 d6 5. Nc4 fxe4 6. Nc3 Qg6 7. Ne3 Be7 8. Be2
Nf6 9. Ncd5 Bd8 10. Nf4 Qf7 11. c4 O-O 12. O-O Nc6 13. Nfd5 Ne7 14. Nxf6+ Qxf6
15. b3 c6 16. Bb2 d5 17. Qc2 Be6 18. cxd5 Nxd5 19. Nxd5 Bxd5 20. Bc4 Bb6 21.
Rad1 Rae8 22. Rfe1 Qh4 23. Bxd5+ cxd5 24. Re3 Rc8 25. Qe2 Qf6 26. Ba3 Rf7 27.
Qg4 Rfc7 28. h4 Rc2 29. Rg3 Qxf2+ 30. Kh2 Qf7 31. Bd6 Re8 32. Be5 g6 33. h5 Rc6
34. h6 Bc7 35. Qg5 Bxe5 36. dxe5 Rce6 37. Rxd5 Qe7 38. Qxe7 R8xe7 39. Rg5 e3 40.
Kg1 Rc6 41. Kf1 Rc2 42. Rd8+ Kf7 43. Rg3 Rf2+ 44. Ke1 Rxa2 45. Rxe3 Rxg2 46. e6+
Rxe6 47. Rd6 Rxd6 48. Rf3+ Rf6 49. Re3 Rg5 50. b4 Rh5 51. b5 Rxh6 52. b6 axb6
53. Rd3 Re6+ 54. Kd1 Rh5 55. Kc1 Rc5+ 56. Kb1 h5 57. Ka1 Re4 58. Rd7+ Ke6 59.
Rxb7 Ra4+ 60. Kb2 Rb4+ 61. Ka3 Rb1 62. Ka2 Rcb5 63. Ka3 Ra5# 0-1

[Event "Titled Tue 1st Jul Late"]
[Site "chess.com INT"]
[Date "2025.07.01"]
[Round "9"]
[White "Deac, Bogdan-Daniel"]
[Black "Moroni, Luca Jr"]
[Result "1/2-1/2"]
[WhiteTitle "GM"]
[BlackTitle "GM"]
[WhiteElo "2674"]
[BlackElo "2549"]
[WhiteFideId "1226380"]
[BlackFideId "865834"]
[EventDate "2025.07.01"]

1. d4 d5 2. c4 e6 3. Nf3 Nf6 4. g3 Be7 5. Bg2 O-O 6. O-O Nbd7 7. Nfd2 b6 8. e4
dxe4 9. Nxe4 Nxe4 10. Bxe4 Rb8 11. Nc3 c5 12. d5 Nf6 13. Bf4 Bd6 14. Bg5 Be7 15.
Bf4 Bd6 16. Bg5 Be5 17. Qd3 h6 18. Bxf6 Qxf6 19. Rac1 Bb7 20. Rfd1 Rbd8 21. Qe2
Bxc3 22. Rxc3 Rfe8 23. Re3 exd5 24. Bxd5 Rxe3 25. Qxe3 Bxd5 26. cxd5 Qxb2 27.
Qe7 Qf6 28. Qxa7 Qf3 29. Re1 Rxd5 30. Qxb6 Rd1 31. Rxd1 Qxd1+ 32. Kg2 Qd5+ 33.
Kf1 Qd3+ 34. Ke1 Qc3+ 35. Kf1 c4 36. Qb8+ Kh7 37. Qb1+ g6 38. Ke2 Kg7 39. a4
Qe5+ 40. Kf1 c3 41. Qc2 Qd4 42. Ke2 Qc4+ 43. Ke3 Kf6 44. a5 Qc5+ 45. Kd3 Qf5+
46. Kxc3 Qxa5+ 47. Kb3 Qb5+ 48. Ka3 Qa5+ 49. Kb3 Qb5+ 50. Ka3 Qf5 51. Kb3 Qxc2+
52. Kxc2 Ke5 53. Kd3 g5 54. f3 f5 55. Ke3 Kd5 56. Kd3 Ke5 57. Ke3 Kd5 58. Kd3
Ke5 1/2-1/2

[Event "Titled Tue 1st Jul Late"]
[Site "chess.com INT"]
[Date "2025.07.01"]
[Round "9"]
[White "Bukreev, Stanislav"]
[Black "Gustafsson, Jan"]
[Result "1-0"]
[WhiteTitle "FM"]
[BlackTitle "GM"]
[WhiteElo "2305"]
[BlackElo "2591"]
[WhiteFideId "34252347"]
[BlackFideId "4625498"]
[EventDate "2025.07.01"]

1. d4 d5 2. c4 c5 3. Nf3 cxd4 4. cxd5 Qxd5 5. Nc3 Qa5 6. Nxd4 Nf6 7. e3 e5 8.
Nb3 Qc7 9. Bd2 Nc6 10. Nb5 Qb6 11. Bc3 Be6 12. Nd6+ Bxd6 13. Qxd6 Ne4 14. Qa3
Nxc3 15. bxc3 Rc8 16. Be2 Ne7 17. O-O a6 18. Rac1 Qc7 19. Bf3 O-O 20. Na5 b6 21.
Nb3 a5 22. Rfd1 Rfd8 23. h3 h6 24. c4 Rxd1+ 25. Bxd1 Rd8 26. Bf3 Bxc4 27. Rxc4
Qxc4 28. Qxe7 Rc8 29. Qxe5 a4 30. Bd5 Qc7 31. Qxc7 Rxc7 32. Nd4 Rc1+ 33. Kh2 Rc5
34. e4 b5 35. Kg3 b4 36. Kf4 Rc3 37. h4 Rd3 38. Nc2 b3 39. axb3 axb3 40. Na3 b2
41. Nb1 Kf8 42. Bc4 Rd1 43. Ba2 Ke7 44. Ke3 g5 45. hxg5 hxg5 46. Ke2 Rg1 47. g3
Kd6 48. Nd2 f6 49. Kd3 Rc1 50. Nc4+ Kc5 51. Nxb2 Rf1 52. Ke3 Re1+ 53. Kd2 Ra1
54. Bd5 Kd4 55. Nd3 f5 56. f3 Rg1 57. Nc1 Ke5 58. Ne2 Rg2 59. Ke3 1-0

[Event "Titled Tue 1st Jul Late"]
[Site "chess.com INT"]
[Date "2025.07.01"]
[Round "9"]
[White "Garcia Hernandez, Rebeca"]
[Black "Watanabe, Akira"]
[Result "1-0"]
[WhiteTitle "WCM"]
[BlackTitle "FM"]
[WhiteElo "1904"]
[BlackElo "2284"]
[WhiteFideId "5180872"]
[BlackFideId "7000227"]
[EventDate "2025.07.01"]

1. Nf3 Nf6 2. g3 g6 3. Bg2 Bg7 4. O-O O-O 5. d4 d6 6. b3 Nbd7 7. Bb2 Re8 8. c4
e5 9. dxe5 Ng4 10. Nbd2 Ngxe5 11. Qc2 a5 12. Rad1 Qe7 13. Nxe5 dxe5 14. Nb1 Nc5
15. Nc3 c6 16. Ba3 Bf5 17. e4 Bg4 18. f3 Be6 19. Na4 b6 20. Nxb6 Rad8 21. Na4
Rxd1 22. Rxd1 Bf8 23. Bxc5 Qb7 24. Bxf8 Rxf8 25. Nc5 Qb4 26. Nxe6 fxe6 27. Qd2
Qc5+ 28. Kh1 a4 29. bxa4 Qxc4 30. Qd3 Qxa4 31. Qb3 Qxb3 32. axb3 Rb8 33. Rd3 Kf7
34. h4 Ke7 35. Bh3 Rb5 36. Kg2 Rc5 37. Rd2 Rb5 38. Rc2 Rxb3 39. Rxc6 Rb2+ 40.
Kg1 Rb1+ 41. Bf1 Kf6 42. Rc7 h6 43. Kf2 Rb2+ 44. Be2 Ra2 45. Rh7 h5 46. Rc7 Rb2
47. Rc6 Rd2 48. Ke3 Rd4 49. Bc4 Kg7 50. Bxe6 Ra4 51. Bc4 Ra3+ 52. Bd3 Rb3 53.
Rc7+ Kf6 54. Rc6+ 1-0

[Event "Titled Tue 1st Jul Late"]
[Site "chess.com INT"]
[Date "2025.07.01"]
[Round "9"]
[White "Sabuk, Piotr"]
[Black "Plichta, Kamil"]
[Result "0-1"]
[WhiteTitle "IM"]
[BlackTitle "FM"]
[WhiteElo "2321"]
[BlackElo "2361"]
[WhiteFideId "1137565"]
[BlackFideId "1141830"]
[EventDate "2025.07.01"]

1. d4 g6 2. Nf3 Bg7 3. e4 c5 4. d5 Nf6 5. Nc3 d6 6. h3 O-O 7. a4 e6 8. Be2 exd5
9. exd5 Re8 10. O-O Ne4 11. Nxe4 Rxe4 12. Bd3 Re8 13. c3 Nd7 14. a5 Ne5 15. Nxe5
Rxe5 16. Qf3 Bf5 17. Bf4 Bxd3 18. Qxd3 Re8 19. Qb5 Qc7 20. Rfe1 Red8 21. Re2 a6
22. Qa4 Qd7 23. Bg5 Qxa4 24. Rxa4 Re8 25. Rae4 Rxe4 26. Rxe4 Bf8 27. Bf6 b6 28.
axb6 Rb8 29. g4 h6 30. h4 g5 31. hxg5 hxg5 32. Bxg5 Rxb6 33. Re2 Kh7 34. Kg2 Kg6
35. Bf4 a5 36. Bc1 Bg7 37. Re4 Ra6 38. Ra4 f5 39. Kg3 fxg4 40. Kxg4 Ra8 41. f4
Kf7 42. f5 Bf6 43. Bf4 Be7 44. b4 cxb4 45. cxb4 Rg8+ 46. Kf3 axb4 47. Rxb4 Rg1
48. Rb7 Rd1 49. Ke4 Re1+ 50. Be3 Kf6 51. Kf4 Rd1 52. Ke4 Re1 53. Kd3 Rd1+ 54.
Bd2 Bd8 55. Ke2 Rh1 56. Rd7 Bb6 0-1

[Event "Titled Tue 1st Jul Late"]
[Site "chess.com INT"]
[Date "2025.07.01"]
[Round "9"]
[White "Neklyudov, Viacheslav I."]
[Black "Bazan Romero, Octavio Aaron"]
[Result "0-1"]
[WhiteTitle "IM"]
[BlackTitle "FM"]
[WhiteElo "2432"]
[BlackElo "2289"]
[WhiteFideId "4125703"]
[BlackFideId "20003943"]
[EventDate "2025.07.01"]

1. e4 c5 2. Nf3 d6 3. d4 cxd4 4. Nxd4 Nf6 5. f3 e5 6. Nb3 a5 7. a4 Be7 8. Bb5+
Nc6 9. c4 O-O 10. Nc3 Nh5 11. Be3 f5 12. Qd2 fxe4 13. Nxe4 Nf4 14. O-O-O Nb4 15.
Bxf4 Rxf4 16. Nxd6 Bg5 17. Kb1 Rd4 18. Qe2 Rxd6 19. c5 Bf5+ 20. Ka1 Rxd1+ 21.
Rxd1 Qe7 22. Rd6 Rd8 23. Qc4+ Kf8 24. Nxa5 Nc2+ 25. Ka2 Rxd6 26. cxd6 Qxd6 27.
Nxb7 Qe7 28. Nc5 Nd4 29. Qd5 Ne6 30. Nd7+ Kg8 31. Nxe5 g6 32. Bc4 Kg7 33. Nc6
Qf6 34. Qd7+ Kh6 35. g3 Bb1+ 36. Kxb1 Nc5 37. f4 Nxd7 38. fxg5+ Qxg5 39. Bb5 Qe3
40. Kc2 Qg1 41. Kc3 Qxh2 42. Kc4 Qxg3 43. Kd5 Nb6+ 44. Kc5 Qf2+ 45. Kd6 Qxb2 46.
Kc7 Nxa4 47. Bxa4 g5 48. Ne5 Qxe5+ 0-1

[Event "Titled Tue 1st Jul Late"]
[Site "chess.com INT"]
[Date "2025.07.01"]
[Round "9"]
[White "Noroozi, Omid"]
[Black "Karas, Eugenia"]
[Result "1-0"]
[WhiteTitle "IM"]
[BlackTitle "WFM"]
[WhiteElo "2266"]
[BlackElo "2124"]
[WhiteFideId "12501190"]
[BlackFideId "463485"]
[EventDate "2025.07.01"]

1. c4 Nf6 2. Nc3 d5 3. cxd5 Nxd5 4. Nf3 b6 5. e4 Nxc3 6. bxc3 Bb7 7. Be2 e6 8.
e5 c5 9. d4 cxd4 10. cxd4 Bb4+ 11. Bd2 Bxd2+ 12. Qxd2 Nd7 13. O-O O-O 14. Rac1
Rc8 15. h4 Rxc1 16. Rxc1 Bxf3 17. Bxf3 Nxe5 18. Be2 Nd7 19. h5 Nf6 20. h6 Ne4
21. Qe3 Nd6 22. hxg7 Kxg7 23. Bd3 Nf5 24. Bxf5 exf5 25. Rc6 Re8 26. Qf4 Re1+ 27.
Kh2 Re4 28. Qg3+ Kh8 29. d5 Qh4+ 30. Qxh4 Rxh4+ 31. Kg3 Rd4 32. Rd6 Kg7 33. Kf3
f6 34. Ke3 Re4+ 35. Kd3 Re7 36. Kc4 Rc7+ 37. Rc6 Re7 38. d6 Re4+ 39. Kd5 Kf7 40.
Rc7+ Ke8 41. Rxh7 Re2 42. f4 Rxg2 43. Ke6 Re2+ 44. Kxf6 Re4 45. Rxa7 Rxf4 46.
Ke5 Rf1 47. Ke6 Re1+ 48. Kxf5 Re2 49. a4 Kd8 50. Kf6 Re4 51. Kf5 Re1 52. Rb7 Ra1
53. Ke6 Re1+ 54. Kd5 Ra1 55. Kc6 Rc1+ 56. Kxb6 Rb1+ 57. Kc6 Rc1+ 58. Kd5 Ra1 59.
Ra7 Rd1+ 60. Kc5 Rc1+ 61. Kb4 Rb1+ 62. Ka5 Rd1 63. Kb5 Rxd6 64. a5 Rd1 65. Rh7
Kc8 66. Kb6 Rb1+ 67. Ka7 Ra1 68. a6 Rb1 69. Rb7 Ra1 70. Rb6 Re1 71. Rb8+ Kc7 72.
Rb3 1-0

[Event "Titled Tue 1st Jul Late"]
[Site "chess.com INT"]
[Date "2025.07.01"]
[Round "9"]
[White "Liu, Zachary Hankun"]
[Black "Rabin, Evan"]
[Result "0-1"]
[WhiteElo "2067"]
[BlackElo "1945"]
[WhiteFideId "2640287"]
[BlackFideId "2028670"]
[EventDate "2025.07.01"]

1. Nf3 Nf6 2. g3 d5 3. Bg2 c6 4. c4 dxc4 5. O-O Be6 6. Qc2 Bd5 7. a4 e6 8. Na3
Bxa3 9. Rxa3 O-O 10. Rd1 Nbd7 11. d3 cxd3 12. Raxd3 Qb6 13. Be3 Qc7 14. R3d2
Rfd8 15. b4 Nb6 16. Bf4 Qe7 17. Ne5 Bxg2 18. Kxg2 Rxd2 19. Rxd2 Rd8 20. a5 Nbd5
21. Qb2 Nxf4+ 22. gxf4 Rxd2 23. Qxd2 Nd5 24. Nd3 Qd6 25. e3 Nf6 26. Qc3 Qd5+ 27.
f3 Qa2+ 28. Kh3 Qe2 29. Ne5 Qf1+ 30. Kg3 Qg1+ 31. Kh3 Nd5 32. Qd3 Qxe3 33. Qxe3
Nxe3 34. Nd7 Nd5 35. Nc5 Nxf4+ 36. Kg4 Nd5 37. Nxb7 Nxb4 38. Kf4 f6 39. Ke4 Kf7
40. Kd4 Ke7 41. Kc5 Nd3+ 42. Kxc6 Ne5+ 43. Kc7 Nxf3 44. a6 Nd4 45. Na5 e5 46.
Kb7 e4 47. Nc4 f5 48. Kxa7 f4 49. Kb6 e3 50. a7 e2 51. a8=Q e1=Q 52. Qa3+ Kf7
53. Nd6+ Ke6 54. Nc4 Qb1+ 55. Kc5 Nb3+ 56. Kc6 Kf5 57. Nd6+ Kg4 58. Qa7 Qc2+ 59.
Kd5 Qd3+ 60. Ke6 Nd4+ 61. Kf7 Qg6+ 62. Ke7 Qe6+ 63. Kf8 Qxd6+ 64. Kxg7 f3 65.
Qa1 f2 66. Qd1+ Kh3 67. Qd3+ Kg2 68. Qd2 Nf5+ 0-1

[Event "Titled Tue 1st Jul Late"]
[Site "chess.com INT"]
[Date "2025.07.01"]
[Round "9"]
[White "Diano, Eden"]
[Black "Ivashentseva, Dominika"]
[Result "1-0"]
[BlackTitle "WCM"]
[WhiteElo "2086"]
[BlackElo "1969"]
[WhiteFideId "5203708"]
[BlackFideId "34331050"]
[EventDate "2025.07.01"]

1. d4 d5 2. c4 e6 3. Nc3 Nf6 4. Nf3 Be7 5. Bg5 O-O 6. e3 dxc4 7. Bxc4 a6 8. a4
h6 9. h4 Nbd7 10. Qc2 c5 11. Rd1 Qc7 12. d5 exd5 13. Bxd5 Nb6 14. Ba2 Bg4 15.
Bxh6 gxh6 16. Qg6+ Kh8 17. Qxh6+ Nh7 18. Ng5 Bxg5 19. hxg5 Bf5 20. Bb1 Qc8 21.
g4 Qc6 22. Bxf5 Qxh6 23. Rxh6 Rad8 24. Bxh7 Nc8 25. Nd5 Kg7 26. f4 Rh8 27. f5
Nd6 28. Ne7 Rxh7 29. f6+ Kh8 30. Rxh7+ Kxh7 31. Nf5 Kg6 32. Rxd6 Rh8 33. Ne7+
Kxg5 34. Kf2 Rh2+ 35. Kg3 Rxb2 36. Nd5 c4 37. Rd8 Rc2 38. Rg8+ Kh6 39. g5+ Kh7
40. Rg7+ Kh8 41. Kf4 c3 42. g6 Rf2+ 43. Ke4 fxg6 44. Rxg6 c2 45. Rg1 b5 46. axb5
axb5 47. Rc1 Kg8 48. Ke5 Kf7 49. Rg1 Re2 50. Rg7+ Kf8 51. Rc7 b4 52. Nxb4 Rxe3+
53. Kf4 Rb3 54. Nxc2 Rh3 55. Nd4 Rh4+ 56. Ke5 Rh5+ 57. Nf5 Rh1 58. Kf4 Rf1+ 59.
Ke5 Re1+ 60. Kf4 Rf1+ 61. Ke4 Re1+ 62. Ne3 Rf1 63. Ke5 Re1 64. Rc3 Kf7 65. Kf5
Rf1+ 66. Nxf1 1-0

[Event "Titled Tue 1st Jul Late"]
[Site "chess.com INT"]
[Date "2025.07.01"]
[Round "9"]
[White "Petersen, Marcel"]
[Black "Garbuz, Vitaliy"]
[Result "0-1"]
[WhiteTitle "CM"]
[BlackTitle "CM"]
[WhiteElo "2236"]
[BlackElo "2219"]
[WhiteFideId "12935670"]
[BlackFideId "12990710"]
[EventDate "2025.07.01"]

1. e4 c5 2. Nf3 Nc6 3. Bb5 g6 4. O-O Bg7 5. c3 Nf6 6. Re1 O-O 7. h3 a6 8. Bxc6
dxc6 9. d4 cxd4 10. cxd4 c5 11. d5 b5 12. Nc3 Bb7 13. Bf4 Rc8 14. Rc1 c4 15. a3
Nd7 16. Be3 Nc5 17. Bxc5 Rxc5 18. Qd2 Qd7 19. Rcd1 Rd8 20. Qe3 Rcc8 21. Qb6 Qc7
22. Qxc7 Rxc7 23. Nd4 e6 24. Nde2 exd5 25. exd5 Rcd7 26. Nf4 Bxc3 27. bxc3 Bxd5
28. Nxd5 Rxd5 29. Ra1 Rd3 30. Rec1 Rb8 31. a4 b4 32. cxb4 Rxb4 33. Ra2 c3 34.
Rac2 Rb3 35. g3 Kg7 36. h4 Kf6 37. Kf1 Ke5 38. Ke2 Kd4 39. Ra1 Rb2 40. Rxb2 cxb2
41. Rb1 Kc3 42. Rxb2 Kxb2 43. Kxd3 Kb3 44. a5 Kb4 45. Kd4 Kxa5 46. Kc5 Ka4 47.
Kc4 a5 48. f4 h5 49. Kd4 Kb5 50. Ke5 a4 51. Kf6 a3 52. Kxf7 a2 53. Kxg6 a1=Q 54.
Kxh5 Qg7 55. g4 Kc5 56. g5 Kd5 57. f5 Ke5 58. f6 Qh7+ 59. Kg4 Qg6 60. h5 Qe4+
61. Kg3 Kf5 62. f7 Qf4+ 63. Kh3 Kxg5 64. h6 Qxf7 65. Kg3 Kxh6 66. Kg4 Kg6 67.
Kg3 Qf5 68. Kh4 Qg5+ 69. Kh3 Kf5 70. Kh2 Kf4 71. Kh1 Kf3 72. Kh2 Qg2# 0-1

[Event "Titled Tue 1st Jul Late"]
[Site "chess.com INT"]
[Date "2025.07.01"]
[Round "9"]
[White "Caruana, Fabiano"]
[Black "Ibrahimli, Murad"]
[Result "0-1"]
[WhiteTitle "GM"]
[BlackTitle "IM"]
[WhiteElo "2777"]
[BlackElo "2448"]
[WhiteFideId "2020009"]
[BlackFideId "13410229"]
[EventDate "2025.07.01"]

1. e4 c5 2. Nf3 d6 3. Bb5+ Nd7 4. O-O Nf6 5. Re1 a6 6. Bf1 g6 7. d4 cxd4 8. Nxd4
Bg7 9. c4 O-O 10. Nc3 Nc5 11. f3 Ne6 12. Nc2 Bd7 13. Be3 Rc8 14. a4 a5 15. Qd2
Nc5 16. Qf2 Qe8 17. Nd4 Bxa4 18. Nxa4 Nxa4 19. Nb5 Nc5 20. e5 Nfd7 21. exd6 e6
22. Rxa5 Qd8 23. Ra7 Rc6 24. b4 Na6 25. Rxb7 Qc8 26. Rc7 Rxc7 27. Nxc7 Nxb4 28.
c5 Ne5 29. Qd2 Nbc6 30. Bb5 Qb7 31. Rb1 Na7 32. Qe2 Nxb5 33. Qxb5 Qa7 34. h3 Qa3
35. Qb3 Qa5 36. Kh1 Nc6 37. Qb5 Qa3 38. Qxc6 Qxe3 39. Qb5 Be5 40. c6 Bxd6 41.
Na6 Qf4 42. Kg1 Qd4+ 43. Kf1 Bg3 44. Qe2 Rc8 45. c7 Qa4 46. Rd1 Kg7 47. Rc1 h5
48. Qc4 Qa3 49. Qc3+ Qxc3 50. Rxc3 Kf6 51. Ke2 Ke7 52. Ke3 Kd7 53. Ke4 Bxc7 54.
Nxc7 Rxc7 55. Rxc7+ Kxc7 56. Ke5 Kd7 57. Kf6 Ke8 58. g4 hxg4 59. hxg4 Kf8 60. f4
Kg8 61. Ke7 g5 62. fxg5 e5 0-1

[Event "Titled Tue 1st Jul Late"]
[Site "chess.com INT"]
[Date "2025.07.01"]
[Round "9"]
[White "Baturin-Vinogradov, Miroslav"]
[Black "Habans Aguerrea, Javier"]
[Result "0-1"]
[WhiteTitle "CM"]
[BlackTitle "IM"]
[WhiteElo "2046"]
[BlackElo "2448"]
[WhiteFideId "55745741"]
[BlackFideId "24524689"]
[EventDate "2025.07.01"]

1. e4 c5 2. Nf3 Nc6 3. Bb5 Nf6 4. Bxc6 dxc6 5. Nc3 Qc7 6. O-O e5 7. d3 Be7 8. h3
h6 9. Nh2 Be6 10. f4 exf4 11. Bxf4 Qb6 12. Be5 Rd8 13. Kh1 c4 14. Qf3 O-O 15.
Rab1 cxd3 16. cxd3 Qa6 17. d4 Nd7 18. Bg3 Nb6 19. Bf2 Nc4 20. Qe2 Bf6 21. e5 Be7
22. Ng4 Nb6 23. Qf3 Nd5 24. Ne4 Nb4 25. Nef6+ Kh8 26. Qe4 Qd3 27. Qf4 Nd5 28.
Nxd5 Bxd5 29. Kg1 Bg5 30. Qh2 Qg6 31. Ne3 Be4 32. Rbd1 Rd7 33. h4 Be7 34. Qf4 h5
35. Kh2 Rfd8 36. e6 Qxe6 37. Bg3 Kg8 38. Rfe1 Qg6 39. Nc4 Rxd4 40. Rxd4 Rxd4 41.
Ne5 Qf5 42. Qe3 Bc5 43. Qc3 Rd5 44. b4 Bd4 45. Qc4 Bxe5 46. Qxe4 Bxg3+ 47. Kxg3
Qxe4 48. Rxe4 Kf8 49. Rc4 g6 50. a4 Ke7 51. Kh2 a5 52. b5 cxb5 53. Rc7+ Kf6 54.
Rxb7 bxa4 55. Rb6+ Kf5 56. Rb1 a3 57. Rb3 a4 58. Rxa3 Ra5 59. Kg3 Ke5 60. Kf3
Kd4 0-1

[Event "Titled Tue 1st Jul Late"]
[Site "chess.com INT"]
[Date "2025.07.01"]
[Round "9"]
[White "Povshednyi, Ivan"]
[Black "Deichmann, Esteban Horacio"]
[Result "1-0"]
[WhiteTitle "FM"]
[WhiteElo "2309"]
[BlackElo "2103"]
[WhiteFideId "14190907"]
[BlackFideId "167410"]
[EventDate "2025.07.01"]

1. Nf3 g6 2. g3 Bg7 3. d4 c5 4. c3 cxd4 5. cxd4 Nf6 6. Bg2 O-O 7. Nc3 d5 8. Ne5
Nc6 9. O-O Bf5 10. Nxc6 bxc6 11. Na4 Rc8 12. b3 Nd7 13. Ba3 Re8 14. Rc1 Qa5 15.
e3 e5 16. dxe5 Nxe5 17. Bb2 Bg4 18. Qc2 Bf5 19. Qd1 Bg4 20. f3 Bf5 21. Bc3 Qd8
22. Bd4 Nd3 23. Rc3 Rxe3 24. Bxe3 Bxc3 25. Nxc3 d4 26. g4 Qe7 27. Bxd4 c5 28.
Bf2 Nxf2 29. Rxf2 Be6 30. h3 c4 31. bxc4 Rxc4 32. Ne4 f5 33. Qd6 Qf7 34. Qd8+
Kg7 35. Ng5 Qf6 36. Qxf6+ Kxf6 37. Nxe6 Kxe6 38. Rd2 fxg4 39. fxg4 Ke5 40. Kf2
h5 41. gxh5 gxh5 42. Bf3 h4 43. Re2+ Kf4 44. Rb2 a5 45. Rd2 a4 46. Bg2 a3 47.
Bd5 Rb4 48. Bb3 Re4 49. Rd3 Rb4 50. Rf3+ Kg5 51. Rf8 Rd4 52. Rg8+ Kf5 53. Rg4
Rxg4 54. hxg4+ Kxg4 55. Ke3 Kg3 56. Kd4 h3 57. Kc3 h2 58. Bd5 Kf2 59. Kb4 Kg1
60. Kxa3 h1=Q 61. Bxh1 Kxh1 62. Kb4 Kg2 63. a4 Kf3 64. Kb5 Ke4 65. Kb6 Kd5 66.
a5 Kd6 67. a6 Kd7 68. Kb7 1-0

[Event "Titled Tue 1st Jul Late"]
[Site "chess.com INT"]
[Date "2025.07.01"]
[Round "9"]
[White "Nicot, Valentin"]
[Black "Wu, Derek"]
[Result "1-0"]
[WhiteTitle "CM"]
[BlackTitle "FM"]
[WhiteElo "2206"]
[BlackElo "2232"]
[WhiteFideId "651002477"]
[BlackFideId "30914558"]
[EventDate "2025.07.01"]

1. d4 Nf6 2. Nf3 g6 3. g3 Bg7 4. Bg2 O-O 5. O-O d6 6. c4 Nbd7 7. Nc3 e5 8. e4 a6
9. d5 b5 10. Qe2 bxc4 11. Qxc4 a5 12. Re1 Nc5 13. Qe2 Ba6 14. Qd1 Rb8 15. b3 a4
16. bxa4 Rb4 17. Ba3 Rc4 18. Rc1 Ncxe4 19. Nxe4 Rxe4 20. Rxe4 Nxe4 21. Nxe5 Nxf2
22. Kxf2 Bxe5 23. Kg1 h5 24. Qc2 h4 25. Bb2 Bxb2 26. Qxb2 hxg3 27. hxg3 Qg5 28.
Qc3 Bb7 29. Rd1 Qg4 30. Rd4 Qf5 31. Rh4 f6 32. Be4 Qe5 33. Qxe5 fxe5 34. Bxg6
Bxd5 35. Rb4 Ra8 36. a3 Kg7 37. Bc2 Kf6 38. Kf2 c5 39. Rb6 Ke6 40. Ke3 Rg8 41.
Kf2 Rf8+ 42. Ke2 Rf3 43. g4 Rxa3 44. Bf5+ Ke7 45. Bc2 e4 46. Rb8 Kf6 47. Rf8+
Kg5 48. Rf5+ Kxg4 49. Rxd5 Kf4 50. Rxd6 Ra2 51. Kd2 e3+ 52. Kd1 Kf3 53. Rf6+ Kg4
54. Re6 Kf4 55. Rf6+ Ke5 56. Rf8 Kd4 57. Rd8+ Kc3 58. Rd3+ Kc4 59. Rxe3 Kb4 60.
Rb3+ Kxa4 61. Rb1+ Ka3 62. Kd2 Rb2 63. Ra1+ Kb4 64. Kc1 Kc3 65. Ra3+ Rb3 66.
Rxb3+ 1-0